[Event "1st Gujarat GM Open 2018"]
[Site "Ahmedabad"]
[Date "2018.10.12"]
[Round "10"]
[White "Harsha Bharathakoti"]
[Black "Siva Mahadevan"]
[Result "1-0"]
[WhiteElo "2492"]
[BlackElo "2341"]
[Annotator "TA"]
[PlyCount "77"]
[EventDate "2018.10.05"]
[EventType "swiss"]
[EventCountry "IND"]
[SourceTitle "playchess.com"]
[Source "ChessBase"]
[SourceQuality "1"]

{[%evp 21,77,5,23,15,22,8,25,46,69,63,79,75,101,50,68,59,74,74,95,79,95,93,90,87,102,85,121,122,195,168,189,177,187,156,277,289,375,384,399,394,551,459,704,515,668,668,1939,2447,1873,1597,5031,1045,955,907,29984,29985,29997,29998]} 1. d4 Nf6 2. c4 g6 3. Nc3 {[%cal Bb1c3,Bc3a4,Ba4c5][%mdl 32]} d5 4. Nf3 Bg7 5. cxd5 Nxd5 6. Na4 O-O 7. e4 Nb6 8. Be3 Bg4 9. Nc5 Nc6 {D85: Grünfeldindisch (Abtauschvariante, 7.Sf3 bzw nicht 7.Lc4)} 10. Nxb7 Qb8 11. Ba6 e5 {LiveBook: 5 Partien. Die Stellung ist ausgeglichen.} 12. dxe5 Nxe5 13. Rc1 Nxf3+ $146 ({Vorgänger:} 13... Nbc4 14. O-O Nxb2 15. Qe2 Qc8 16. Bf4 Bxf3 17. gxf3 {1-0 (67) Narciso Dublan,M (2521)-Jerez Perez,A (2373) Catalunya 2014}) 14. gxf3 Bc8 15. Nc5 Bxb2 16. Rc2 Bf6 17. Qe2 (17. O-O $16) 17... c6 18. Bxc8 Rxc8 19. O-O $36 {[%mdl 2048] Weiss hat starke Initiative.} Be5 20. h3 Qd6 21. a4 {[%cal Ba2a4,Ba4a5][%mdl 32] Und Td1 würde nun gewinnen.} Qe7 22. f4 Bg7 23. Rfc1 Re8 24. Qf3 Rac8 (24... a5 $16) 25. a5 $18 Nd7 26. e5 Nxc5 27. Rxc5 (27. Bxc5 $6 Qb7 $16) 27... f6 (27... g5 $16 {war einen Versuch wert.} 28. fxg5 (28. Rxc6 Rxc6 29. Qxc6 gxf4 $16) 28... Bxe5 29. Rxc6 Rxc6 30. Qxc6 Rd8) 28. exf6 ({Jedoch nicht} 28. Rxc6 $6 Rxc6 29. Qxc6 fxe5 $18) 28... Qxf6 29. Rxc6 Rxc6 30. Qxc6 Qf7 31. a6 h6 (31... Bf8 $142 32. Qb7 Qf5) 32. Rb1 Re6 33. Qa8+ Kh7 34. Rb7 Qf6 35. Qxa7 {Beabsichtigt Ld4 und Matt.} Rd6 36. Rd7 Qa1+ {[#]} 37. Kh2 $1 Rxd7 38. Qxd7 Qxa6 39. Bd4 {Precision: Weiß = 77%, Schwarz = 32%.} 1-0

[Event "1st Gujarat GM Open 2018"]
[Site "Ahmedabad"]
[Date "2018.10.12"]
[Round "10"]
[White "Neverov, Valeriy"]
[Black "Michelle Catherina, P."]
[Result "1-0"]
[WhiteElo "2488"]
[BlackElo "2147"]
[Annotator "TA"]
[PlyCount "90"]
[EventDate "2018.10.05"]
[EventType "swiss"]
[EventCountry "IND"]
[SourceTitle "playchess.com"]
[Source "ChessBase"]
[SourceQuality "1"]

{[%evp 18,90,37,38,50,33,43,7,12,10,3,0,18,4,6,6,6,8,10,4,9,8,8,8,7,-12,-20,-29,0,0,0,0,18,1,58,21,58,57,72,57,57,58,58,33,66,37,29,47,39,10,8,0,0,0,0,0,0,0,0,0,0,0,0,0,0,0,4,8,80,83,470,0,79,0,470]} 1. Nf3 d5 2. g3 g6 3. Bg2 Bg7 4. O-O e5 5. d3 Ne7 6. Nbd2 O-O 7. e4 Nbc6 8. c3 h6 9. b4 {A07: Réti Opening: New York and Capablanca Systems} a6 10. Bb2 {LiveBook: 5 Games} Be6 11. Re1 {White is slightly better.} dxe4 12. dxe4 Nc8 13. Qc2 Nd6 14. a4 $146 {[%cal Ba2a4,Ba4b5][%mdl 32]} ({Predecessor:} 14. Bf1 Qd7 {½-½ (103) Bogdanovski,V (2460)-Giorgadze,G (2580) Yerevan 1996}) 14... Kh7 15. Bf1 f5 16. b5 axb5 17. axb5 {[#] Threatens to win with Rxa8.} Rxa1 18. Bxa1 fxe4 19. Nh4 Ne7 20. Nxe4 Nxe4 21. Rxe4 Nf5 22. Bd3 Nxh4 23. Rxh4 Bf5 24. Bxf5 Rxf5 (24... gxf5 {looks sharper.} 25. c4 Qd7 26. Rh5 c6 27. Bb2 Qf7) 25. c4 Qf8 ({Better is} 25... Rf4 $1 $11) 26. Bb2 Qb4 27. Re4 Qf8 28. Qe2 {[%cal Rb2e5]} Qc5 29. Kg2 c6 30. f3 h5 31. Qd3 cxb5 32. cxb5 Rf7 33. Ba3 Qc8 34. Re2 Rd7 35. Qb3 Qd8 36. Bc1 Rd3 37. Qc4 Rd4 38. Qf7 Rd7 39. Qa2 Rd5 40. b6 Rd1 41. Qc2 Rd6 42. Be3 Rc6 (42... Rd1 $11 {remains equal.}) 43. Qe4 $16 Rd6 $2 {[%mdl 8192] [#]} (43... Qe7 $16 {is more resistant.}) 44. Qc2 $2 (44. Qxb7 $18 {and the rest is easy.} Rd3 45. Qc7) 44... Rc6 45. Qe4 $2 {[%mdl 8192]} (45. Qb1 $16) 45... Rd6 $1 {Precision: White = 35%, Black = 51%.} 1-0

[Event "1st Gujarat GM Open 2018"]
[Site "Ahmedabad"]
[Date "2018.10.12"]
[Round "10"]
[White "Neverov, Valeriy"]
[Black "Michelle Catherina, P."]
[Result "*"]
[WhiteElo "2488"]
[BlackElo "2147"]
[Annotator "TA"]
[PlyCount "33"]
[EventDate "2018.10.05"]
[EventType "swiss"]
[EventCountry "IND"]
[SourceTitle "playchess.com"]
[Source "ChessBase"]
[SourceQuality "1"]

{[%evp 9,9,-2]} 1. Nf3 d5 2. g3 g6 3. Bg2 Bg7 4. O-O e5 5. d3 {Predecessor:} Nc6 $146 6. Nbd2 Nge7 7. e4 O-O 8. exd5 Nxd5 9. Re1 Re8 10. a3 Bf5 11. Ne4 b6 12. Bg5 f6 13. c4 Bxe4 14. Rxe4 Nde7 15. Bc1 Qd7 16. Re1 Rad8 17. Bf1 {0-1 (29) Mamedyarov,S (2801)-Giri,A (2782) chess.com INT 2018} *

[Event "1st Gujarat GM Open 2018"]
[Site "Ahmedabad"]
[Date "2018.10.12"]
[Round "10"]
[White "Swayams, Mishra"]
[Black "Kunal, M.."]
[Result "*"]
[WhiteElo "2463"]
[BlackElo "2270"]
[Annotator "TA"]
[PlyCount "31"]
[EventDate "2018.10.05"]
[EventType "swiss"]
[EventCountry "IND"]
[SourceTitle "playchess.com"]
[Source "ChessBase"]
[SourceQuality "1"]

{[%evp 14,15,41,22]} 1. Nf3 d5 2. d4 c6 3. c4 e6 4. e3 Bd6 5. Bd3 f5 6. O-O Nf6 7. b3 Qe7 8. Bb2 {LiveBook: 368 Games} {Predecessor:} Nbd7 $146 9. Nc3 Ne4 10. Ne2 Qf6 11. Rc1 g5 12. Bb1 Rg8 13. Rc2 Rg6 14. Ne1 Rh6 15. g3 Qg6 16. Nc3 {1-0 (37) Mchedlishvili,M (2600)-Ivanchuk,V (2713) Batumi 2018} *

[Event "1st Gujarat GM Open 2018"]
[Site "Ahmedabad"]
[Date "2018.10.12"]
[Round "10"]
[White "Swayams, Mishra"]
[Black "Kunal, M.."]
[Result "1/2-1/2"]
[WhiteElo "2463"]
[BlackElo "2270"]
[Annotator "TA"]
[PlyCount "81"]
[EventDate "2018.10.05"]
[EventType "swiss"]
[EventCountry "IND"]
[SourceTitle "playchess.com"]
[Source "ChessBase"]
[SourceQuality "1"]

{[%evp 20,81,45,35,48,38,55,52,54,58,60,49,51,26,20,15,23,25,29,12,12,22,12,16,33,33,36,38,31,25,31,29,83,75,76,79,80,10,5,0,66,0,73,0,119,115,136,129,149,141,131,137,168,141,243,263,316,88,86,84,84,0,20,0]} 1. Nf3 d5 2. d4 c6 3. c4 e6 4. e3 Bd6 5. Bd3 f5 6. O-O Nf6 7. b3 Qe7 8. Bb2 O-O 9. Qc1 Ne4 {A84: Dutch Defence: 2 c4 Miscellaneous} 10. Ba3 Bd7 (10... Nd7 11. Bxd6 Qxd6 12. Qa3 c5 13. cxd5 exd5 14. Nbd2 b6 15. Rac1 Bb7 16. Rfd1 Qh6 17. dxc5 bxc5 {1-0 (58) Karjakin,S (2753)-Wei,Y (2724) Heixiazi 2015}) 11. Bxd6 {LiveBook: 6 Games} Nxd6 {White is slightly better.} 12. Ne5 Be8 13. Nd2 Nd7 {[#]} 14. Nxd7 $146 ({Predecessor:} 14. f4 Nxe5 15. dxe5 Ne4 16. Bxe4 fxe4 17. Qc3 {1-0 (38) Kunin,V (2502)-McMichael,R (2224) Gent 2013}) 14... Bxd7 15. Qa3 Be8 16. f4 Bh5 17. Rae1 Qd8 18. c5 Ne4 19. Nxe4 fxe4 20. Be2 Bxe2 21. Rxe2 g5 22. Ref2 gxf4 23. Rxf4 Rxf4 24. Rxf4 $14 {[%mdl 4096] Endgame KQR-KQR} Qe7 25. Qb2 b6 (25... Rf8 $11 {keeps the balance.}) 26. Qe2 $16 {[#] And now Qg4+ would win.} e5 27. dxe5 Qxe5 28. b4 (28. g3 $16) 28... bxc5 $11 29. bxc5 Rb8 (29... Qa1+ $11 30. Rf1 Qg7) 30. h3 ({White should play} 30. Qg4+ $1 $14 Kh8 31. Rf1) 30... Kh8 (30... Rb1+ $11 31. Kh2 h5) 31. Qf2 ({White should try} 31. Qf1 $16 {Strongly threatening Rf8+.} Kg8 32. a4) 31... Rg8 (31... Qa1+ $11 {remains equal.} 32. Kh2 Qe5) 32. Rf5 $16 Qc3 33. Kh2 a5 34. a4 Qg7 {[#]} 35. g4 $1 Qc3 36. Rf7 Qe5+ (36... Rg6 $16 {might work better.}) 37. Kg2 $18 Qc3 38. Qf4 $2 (38. Rc7 $18 {and the rest is easy.}) 38... Qd2+ $16 39. Kg3 {White threatens Qf6+ and mate.} Qe1+ 40. Kg2 (40. Qf2 $16 Qxf2+ 41. Kxf2) 40... Qd2+ $1 $11 41. Kg3 {Precision: White = 60%, Black = 45%.} 1/2-1/2

[Event "1st Gujarat GM Open 2018"]
[Site "Ahmedabad"]
[Date "2018.10.12"]
[Round "10"]
[White "Gukesh D"]
[Black "Srijit Paul"]
[Result "*"]
[WhiteElo "2456"]
[BlackElo "2292"]
[Annotator "TA"]
[PlyCount "31"]
[EventDate "2018.10.05"]
[EventType "swiss"]
[EventCountry "IND"]
[SourceTitle "playchess.com"]
[Source "ChessBase"]
[SourceQuality "1"]

{[%evp 15,17,48,62,53]} 1. Nf3 f5 2. g3 Nf6 3. Bg2 g6 4. O-O Bg7 5. c4 O-O 6. d4 d6 7. Nc3 e6 8. Re1 Ne4 {LiveBook: 30 Games. A87: Dutch Defence: Leningrad System: 5 Nf3} 9. Qc2 {Predecessor:} Nxc3 $146 10. bxc3 Nc6 11. e4 e5 12. exf5 gxf5 13. dxe5 dxe5 14. Ba3 Re8 15. Rad1 Qf6 16. Nd4 {1-0 (36) Vocaturo,D (2587)-Sandipan,C (2619) Barcelona 2014} *

[Event "1st Gujarat GM Open 2018"]
[Site "Ahmedabad"]
[Date "2018.10.12"]
[Round "10"]
[White "Gukesh D"]
[Black "Srijit Paul"]
[Result "1-0"]
[WhiteElo "2456"]
[BlackElo "2292"]
[Annotator "TA"]
[PlyCount "49"]
[EventDate "2018.10.05"]
[EventType "swiss"]
[EventCountry "IND"]
[SourceTitle "playchess.com"]
[Source "ChessBase"]
[SourceQuality "1"]

{[%evp 21,49,56,58,27,43,15,12,13,19,17,30,40,109,105,114,97,152,169,168,151,159,164,163,148,167,145,201,197,507,500]} 1. Nf3 f5 2. g3 Nf6 3. Bg2 g6 4. O-O Bg7 5. c4 O-O 6. d4 d6 7. Nc3 e6 8. Re1 Ne4 {A87: Dutch Defence: Leningrad System: 5 Nf3} 9. Qc2 Nxc3 10. bxc3 Nc6 11. e4 e5 {LiveBook: 5 Games} 12. dxe5 dxe5 13. Ba3 Re8 14. exf5 Bxf5 15. Qb3 Na5 16. Qa4 {[#]} c5 $146 (16... e4 $14 17. Rad1 (17. Qxa5 exf3 18. Bxf3 c6 $11) 17... Qf6) 17. Rad1 $16 Qc7 18. Ng5 $36 {[%mdl 2048] White has strong initiative.} h6 (18... Bf6 $142 19. Bd5+ Kg7) 19. Bd5+ Kh8 {[#]} 20. Nf7+ $1 Kh7 {[#] Black wants to play ...Bd7.} 21. Nd6 $1 {[%cal Rd6e8]} Rf8 22. Nxf5 gxf5 23. Qb5 e4 (23... Rf6 $16 {keeps fighting.} 24. Qxc5 (24. Bxc5 a6 $16) 24... Nc6) 24. Bxc5 Bxc3 $2 (24... a6 {is tougher.} 25. Qb4 Rf6) 25. Bxf8 {Precision: White = 85%, Black = 28%.} 1-0

[Event "1st Gujarat GM Open 2018"]
[Site "Ahmedabad"]
[Date "2018.10.12"]
[Round "10"]
[White "Rakesh Kumar Jena"]
[Black "Lalith Babu M R"]
[Result "1-0"]
[WhiteElo "2388"]
[BlackElo "2518"]
[Annotator "TA"]
[PlyCount "39"]
[EventDate "2018.10.05"]
[EventType "swiss"]
[EventCountry "IND"]
[SourceTitle "playchess.com"]
[Source "ChessBase"]
[SourceQuality "1"]

{[%evp 10,39,7,-9,4,6,8,10,0,-1,0,0,0,-12,13,5,10,-2,-4,-2,3,0,14,-16,0,0,0,0,0,-6,1382,1367]} 1. Nf3 d5 2. d4 Bf5 3. Bf4 e6 4. e3 Nf6 5. Bd3 Bd6 6. Bg3 {LiveBook: 10 Games. D02: 1 d4 d5 2 Nf3 sidelines, including 2...Nf6 3 g3 and 2...Nf6 3 Bf4} (6. Bg5 h6 7. Bh4 Bxd3 8. Qxd3 Nbd7 9. c4 dxc4 10. Qxc4 c5 11. dxc5 Bxc5 12. Nc3 Rc8 13. O-O O-O {½-½ (34) Artemiev,V (2658)-Sjugirov,S (2664) Novi Sad 2016}) 6... Qe7 7. Bxd6 (7. Bh4 {keeps more tension.} Bxd3 8. Qxd3 Nbd7 9. c4 c6 10. Nc3) 7... Qxd6 8. Bxf5 {The position is equal.} exf5 9. Qd3 g6 10. Nbd2 $146 ({Predecessor:} 10. Qb5+ Nc6 11. c3 O-O-O 12. Nbd2 Ne4 13. Nxe4 fxe4 14. Nd2 Qf6 {0-1 (59) Collins,Y (1845)-Madol Panchol,J (1998) Nairobi 2016}) 10... Nbd7 11. c4 c6 12. O-O O-O 13. Rfc1 Rfe8 14. g3 h6 15. a4 dxc4 16. Qxc4 Nd5 17. a5 a6 18. Qb3 Rab8 19. Nc4 N7f6 $2 {[%mdl 8192] [#]} (19... Qe6 $11) 20. Nxd6 {Precision: White = 71%, Black = 40%.} 1-0

[Event "1st Gujarat GM Open 2018"]
[Site "Ahmedabad"]
[Date "2018.10.12"]
[Round "10"]
[White "Rakesh Kumar Jena"]
[Black "Lalith Babu M R"]
[Result "*"]
[WhiteElo "2388"]
[BlackElo "2518"]
[Annotator "TA"]
[PlyCount "30"]
[EventDate "2018.10.05"]
[EventType "swiss"]
[EventCountry "IND"]
[SourceTitle "playchess.com"]
[Source "ChessBase"]
[SourceQuality "1"]

{[%evp 9,11,2,1,-4]} 1. Nf3 d5 2. d4 Bf5 3. Bf4 e6 4. e3 Nf6 5. Bd3 Bd6 6. Bg3 {D02: 1 d4 d5 2 Nf3 sidelines, including 2...Nf6 3 g3 and 2...Nf6 3 Bf4} (6. Bg5 h6 7. Bh4 Bxd3 8. Qxd3 Nbd7 9. c4 dxc4 10. Qxc4 c5 11. dxc5 Bxc5 12. Nc3 Rc8 13. O-O O-O {½-½ (34) Artemiev,V (2658)-Sjugirov,S (2664) Novi Sad 2016}) {Predecessor:} 6... O-O $146 7. O-O Ne4 8. Bxd6 Qxd6 9. Nbd2 Nxd2 10. Qxd2 Bxd3 11. Qxd3 Nd7 12. c4 dxc4 13. Qxc4 c5 14. dxc5 Qxc5 15. Qxc5 Nxc5 {½-½ (30) Brumen,D (2356)-Bontempi,P (2362) Bol 2015} *

[Event "1st Gujarat GM Open 2018"]
[Site "Ahmedabad"]
[Date "2018.10.12"]
[Round "10"]
[White "Sai Agni Jeevitesh, J."]
[Black "Ikramul, Haq Siam"]
[Result "1/2-1/2"]
[WhiteElo "2362"]
[BlackElo "2180"]
[Annotator "TA"]
[PlyCount "120"]
[EventDate "2018.10.05"]
[EventType "swiss"]
[EventCountry "IND"]
[SourceTitle "playchess.com"]
[Source "ChessBase"]
[SourceQuality "1"]

{[%evp 11,120,0,4,-62,-60,-54,-56,-54,-56,-62,-58,-119,-116,-106,-108,-108,-82,-158,0,-106,0,-164,-165,-489,-433,-437,-243,-295,-300,-427,-380,-384,-377,-405,-400,-384,-342,-313,-233,-241,-246,-312,-296,-650,-623,-836,-354,-820,-236,-306,-301,-297,-291,-364,-252,-407,-405,-666,-664,-631,-233,-219,-217,-286,-310,-316,-287,-333,-267,-238,-231,-444,-219,-205,-40,-40,-40,-41,-41,-53,0,-44,-51,-78,-13,-10,-18,-64,-30,-63,0,-386,-386,-462,-406,-586,0,0,0,-551,-421,-963,-551,-551,0,0,0,0,0,0,0]} 1. Nf3 d5 2. e3 Nf6 3. c4 e6 4. b3 Be7 5. Bb2 O-O 6. Qc2 {A13: English Opening: 1...e6} (6. Be2 dxc4 7. bxc4 c5 8. Rg1 Ne4 9. Qc2 Bf6 10. Bxf6 Qxf6 11. d4 Nd6 12. Nc3 cxd4 13. exd4 Nc6 14. Rd1 {0-1 (71) Caruana,F (2822)-Aronian,L (2767) chess.com INT 2018}) 6... c5 {LiveBook: 17 Games} 7. Bd3 (7. d4 $11) 7... Nc6 $15 {Threatens to win with ...Nb4.} 8. a3 {Black is slightly better.} d4 9. exd4 Nxd4 10. Nxd4 cxd4 11. b4 $146 (11. Be2 $15) 11... a5 12. b5 e5 {[%cal Be6e5,Be5e4][%mdl 32]} 13. O-O Re8 14. Re1 (14. Be2 $142) 14... Rf8 ({Better is} 14... Bc5 {...Ng4 is the strong threat.} 15. Be2 e4) 15. Rf1 $17 Re8 (15... a4 $17) 16. Re1 $1 $19 Bc5 17. Bf5 $2 {[#]} (17. Be4) 17... e4 $1 {[%mdl 512]} 18. Bxc8 (18. Bxe4 d3) 18... d3 ({Less strong is} 18... Rxc8 19. Qd1 $19) (18... Qxc8 $142 19. Qb3 Qf5) 19. Qc1 {And now Bh3 would win.} Rxc8 20. h3 (20. Qd1 $142) 20... Qb6 21. Rf1 Nh5 22. Nc3 Ng3 23. Nd5 Qh6 24. Re1 Ne2+ 25. Rxe2 dxe2 26. Qc3 Bd6 27. Qxa5 $2 (27. Re1 Be5 28. Qc2) 27... Rxc4 28. Re1 {[#]} Qg5 (28... b6 $142 $1 29. Nxb6 (29. Qxb6 Qxd2) 29... Bc7 30. Nxc4 Bxa5) 29. b6 $2 (29. Ne3 Rc5 30. Qa4) 29... Qd8 $2 (29... Rec8 30. Bc3 R4c5) 30. Ne3 Rc5 31. Qa4 Be5 32. Bxe5 Rcxe5 33. Nc4 $2 (33. Rxe2 Qxb6 34. Re1) 33... Qd4 34. Rxe2 (34. Qb4 $142 R5e6 35. Rxe2) 34... Rc8 35. d3 Qxd3 $2 (35... Re6 36. Nb2 Qxa4 37. Nxa4 exd3) 36. Rd2 Qb1+ 37. Rd1 Qb5 38. Qxb5 Rxb5 {[%mdl 4096] Endgame KRR-KRN} 39. Rd7 f5 40. Nd6 Rd5 $1 41. a4 $2 (41. Rc7 {was forced.} Rb8 42. Nc4) 41... h6 (41... Ra8 $142 42. a5 f4 43. Rxb7 e3 44. fxe3 fxe3) 42. Rc7 {[#]} Ra8 $2 ({Weaker is} 42... Rxd6 43. Rxc8+ Kh7 44. a5 $14) (42... Rb8 $1 $19 43. Nc4 Kh7) 43. Nxb7 $15 {Strongly threatening Nc5.} Rxa4 44. Nc5 $1 {[%cal Rc5a4]} Rb4 45. b7 Rd1+ 46. Kh2 {Hoping for Rc8+.} Rdb1 47. Kg3 g5 (47... R1b2 $17 {Threatening ...g5.} 48. h4 Kh7) 48. h4 $1 $11 f4+ {[%cal Bf5f4,Bf4f3][%mdl 32]} 49. Kg4 $1 {[#]} f3 $1 {[%cal Rf3g2]} 50. g3 $1 (50. gxf3 e3+) 50... h5+ (50... R1b2 $1 $15 51. hxg5 hxg5 52. b8=Q+ Rxb8 53. Nxe4 R8b5) 51. Kxg5 $2 {[%mdl 8192] [#]} (51. Kf5 $1 $11 e3 52. hxg5 exf2 53. g6) 51... e3 $1 $19 {[%cal Re3f2][%mdl 512]} 52. Rc8+ (52. fxe3 f2) 52... Kf7 53. Rc7+ (53. Nd3 $142 Rxb7 54. fxe3) 53... Kg8 54. Rc8+ Kf7 55. Rc7+ Ke8 56. Kf6 (56. Nd3 $142 Rxb7 57. Rxb7 Rxb7 58. Kf4) 56... Rb6+ 57. Ne6 {[%csl Gf6][%cal Rc7e7] [#]} Rxb7 $2 (57... Rxe6+ $1 $19 {[%mdl 512]} 58. Kxe6 Rb6+ 59. Kf5 e2 60. Rc8+ Kd7) 58. Ng7+ $11 {The position is equal.} Kd8 59. Ne6+ Ke8 {White must now prevent ...Rxc7.} 60. Ng7+ Kd8 {Precision: White = 40%, Black = 50%.} 1/2-1/2

[Event "1st Gujarat GM Open 2018"]
[Site "Ahmedabad"]
[Date "2018.10.12"]
[Round "10"]
[White "Sahoo, Utkal Ranjan"]
[Black "Srihari L R"]
[Result "1/2-1/2"]
[WhiteElo "2332"]
[BlackElo "2170"]
[Annotator "TA"]
[PlyCount "84"]
[EventDate "2018.10.05"]
[EventType "swiss"]
[EventCountry "IND"]
[SourceTitle "playchess.com"]
[Source "ChessBase"]
[SourceQuality "1"]

{[%evp 31,84,61,59,19,18,0,2,4,8,6,31,18,32,14,72,9,32,27,29,30,26,27,35,0,0,0,0,0,0,0,0,0,24,0,22,9,9,10,10,10,17,20,22,3,8,8,21,0,0,0,0,0,0,0,0]} 1. d4 d5 2. c4 e6 3. Nc3 c5 4. cxd5 exd5 5. Nf3 Nc6 6. g3 Nf6 7. Bg2 Be7 8. O-O O-O 9. Bg5 c4 10. Ne5 Be6 11. Nxc6 bxc6 12. b3 h6 {D34: Tarrasch Defence: 6 g3 Nf6 7 Bg2 Be7} 13. Bxf6 Bxf6 14. bxc4 dxc4 15. e3 Rc8 16. Qc2 Qa5 {LiveBook: 11 Games} 17. Rac1 Rfd8 18. Qa4 Qxa4 19. Nxa4 Be7 $146 20. Rfd1 Bb4 21. Rc2 Re8 22. e4 Red8 {[#]} (22... Rcd8 $11) 23. Nb2 (23. Bf1 $1 $16) 23... c3 24. Na4 Rc7 25. Nxc3 {Threatens to win with Nd5!} Bxc3 26. Rxc3 {Strongly threatening d5.} Rcd7 27. Rcd3 (27. d5 {seems wilder.} cxd5 28. exd5 Bxd5 29. Bh3 Be6 30. Rxd7 Rxd7 31. Rc8+) 27... Bxa2 28. d5 cxd5 29. exd5 Bc4 30. Rd4 Bb3 31. R1d3 Bc2 32. Rd2 Bf5 {The position is equal.} 33. g4 Be6 $1 34. h3 f5 35. Kh2 g5 36. gxf5 Bxf5 37. Kg3 Kf7 38. Ra4 Re8 39. d6 {[#] Hoping for Bc6.} Red8 40. Rad4 {aiming for Bc6.} Ke6 {[%cal Rd7d6]} 41. Re2+ Kf6 42. Red2 Ke5 {Precision: White = 47%, Black = 52%.} 1/2-1/2

[Event "1st Gujarat GM Open 2018"]
[Site "Ahmedabad"]
[Date "2018.10.12"]
[Round "10"]
[White "Sahoo, Utkal Ranjan"]
[Black "Srihari L R"]
[Result "*"]
[WhiteElo "2332"]
[BlackElo "2170"]
[Annotator "TA"]
[PlyCount "38"]
[EventDate "2018.10.05"]
[EventType "swiss"]
[EventCountry "IND"]
[SourceTitle "playchess.com"]
[Source "ChessBase"]
[SourceQuality "1"]

{[%evp 19,20,25,31]} 1. d4 d5 2. c4 e6 3. Nc3 c5 4. cxd5 exd5 5. Nf3 Nc6 6. g3 Nf6 7. Bg2 Be7 8. O-O O-O 9. Bg5 c4 10. Ne5 Be6 {LiveBook: 795 Games} {Predecessor:} 11. Rc1 $146 h6 12. Bxf6 Bxf6 13. f4 Ne7 14. e4 Bxe5 15. fxe5 Qd7 16. Qd2 Rac8 17. Rcd1 b5 18. a3 Rcd8 19. exd5 Bxd5 {½-½ (103) Kramnik,V (2769)-Giri,A (2768) London 2014} *

[Event "1st Gujarat GM Open 2018"]
[Site "Ahmedabad"]
[Date "2018.10.12"]
[Round "10"]
[White "Mohammad Minhaz Uddin"]
[Black "Mahindrakar Indrajeet"]
[Result "1-0"]
[WhiteElo "2328"]
[BlackElo "2107"]
[Annotator "TA"]
[PlyCount "119"]
[EventDate "2018.10.05"]
[EventType "swiss"]
[EventCountry "IND"]
[SourceTitle "playchess.com"]
[Source "ChessBase"]
[SourceQuality "1"]

{[%evp 19,119,16,25,19,16,12,31,30,31,27,33,31,32,25,25,27,28,25,26,24,15,15,23,23,32,16,16,14,14,14,14,16,31,18,31,31,44,19,20,18,16,18,24,0,45,19,54,13,162,158,141,173,148,161,200,181,171,158,145,153,152,139,128,139,152,131,234,240,427,374,352,352,704,392,495,499,513,74,1206,873,29991,2384,2189,1727,29974,29975,29975,29976,29986,29975,29992,29987,29993,29994,29994,29995,29995,29995,29995,29996,29996,29996]} 1. e4 e6 2. d4 d5 3. Nd2 a6 4. Ngf3 c5 5. dxc5 Bxc5 6. Bd3 Nc6 7. O-O Nf6 8. e5 {C07: French Tarrasch: 3...c5, 4 Ngf3 and 4 exd5 Qxd5} (8. a3 Ba7 9. exd5 exd5 10. Re1+ Be6 11. Nb3 O-O 12. Be3 Bb8 13. h3 Ne4 14. Nc5 Bf5 15. Bxe4 Bxe4 16. Nxe4 dxe4 17. Qxd8 Rxd8 {½-½ (42) Ponomariov,R (2744)-Bartel,M (2617) Warsaw 2010}) 8... Nd7 9. Nb3 Be7 10. Qe2 Nb4 {LiveBook: 6 Games} 11. Nbd4 Nc5 $146 ({Predecessor:} 11... Nxd3 12. cxd3 Nb8 13. Be3 O-O 14. Rac1 Bd7 15. Rc3 f5 16. Rfc1 {0-1 (53) Rooze,J (2331)-Hovhannisyan,M (2479) Westerlo 2010}) 12. a3 Ncxd3 (12... Nbxd3 {with more complications.} 13. cxd3 Bd7 14. Be3 Rc8 15. Rfc1 O-O) 13. cxd3 ({Much weaker is} 13. axb4 Nxb4 14. Be3 O-O $15) 13... Nc6 14. Be3 Bd7 15. Nxc6 Bxc6 16. Rfc1 O-O 17. Bc5 Rc8 18. Qe3 h6 19. Rc3 Bxc5 20. Rxc5 Qb6 21. b4 Qa7 22. Rac1 Qb8 23. Nd4 {[%cal Rd4c6]} Ba4 24. f4 b6 25. R5c3 Bd7 26. g3 Qb7 27. Kf2 Ba4 28. h4 a5 29. Qd2 axb4 30. axb4 Bd7 $1 31. Ke3 Qa8 32. Rc7 Rfd8 33. R1c3 Qa4 (33... Be8 $11 {and Black stays safe.}) 34. Qc2 $1 $36 {[%mdl 2048] White has strong initiative.} Rxc7 35. Qxa4 $1 Rxc3 {[#]} 36. Qa6 $1 b5 37. g4 {[%mdl 1024] White has strong compensation.} Rcc8 38. f5 Ra8 39. Qb7 Rab8 40. Qa7 Ra8 41. Qc5 Re8 42. Qc7 Rad8 (42... Red8 $16) 43. Kf4 Rf8 $2 (43... Kh7 44. Nb3 Rf8) 44. f6 Rfe8 {and the idea ...gxf6 leaves Black hopeful.} 45. g5 Kh7 $2 (45... gxf6 46. gxf6 Rf8) 46. Nb3 hxg5+ 47. hxg5 Kg6 48. d4 $2 (48. Nd4 $18) 48... Kh7 $2 {[%mdl 8192]} (48... gxf6 $16 49. gxf6 (49. exf6 e5+ 50. dxe5 Rc8 $16) 49... Rc8 50. Qxd7 Rh8) 49. Nc5 Kg6 {[#]} 50. Nb7 (50. Nxe6 $142 $1 {[%mdl 512]} Kh7 (50... Bxe6 51. Qc2+) 51. Nxd8 gxf6 52. gxf6 Rg8 53. Qxd7 Rg1 54. Qh3+ Kg8 55. Nc6) 50... Rc8 51. Qxd7 {White wants to mate with Nd6.} Rf8 52. Nc5 {White mates.} gxf6 53. exf6 Rh8 54. Kg4 Rcg8 55. Nd3 Rh1 56. Ne5+ Kh7 57. Qxf7+ Kh8 58. Ng6+ Rxg6 59. Qxg6 {[%csl Gf6][%cal Rg6g7]} Rg1+ 60. Kf4 {Precision: White = 67%, Black = 54%.} 1-0